000 01230nam a2200313 a 4500
001 BRL_401
005 20190320210726.0
008 151013m19641967mx-a######---#000-0#spa-#
041 _aspa
044 _amx
050 4 _aF1219
_b.K56 1964
100 1 _aKingsborough, Edward King
_cVizconde
_d1795-1837
_923793
245 1 0 _aAntigüedades de México
_cbasadas en la recopilación de Lord Kingsborough ; palabras preliminares Antonio Ortiz Mena ; prólogo Agustín Yáñez ; estudio e interpretación José Corona Núñez.
260 _aMéxico
_bSecretaría de Hacienda y Crédito Público
_c1964-1967
300 _a4 v.
_bil.
_c34 cm.
500 _aEstado físico: v.3 encuadernado, octubre 2013
500 _av.1 Au399, v.2 Au153, v.3 Au397, v.4 Au398
504 _aIncluye referencias bibliográficas e índice
650 1 4 _aEtnología
_zMéxico
_923472
650 1 4 _aManuscritos mexicanos
_9781
650 1 4 _aManuscritos náhuatl
_vFacsímiles
_923794
650 1 4 _aIndígenas de México
_94678
651 4 _aMéxico
_xAntigüedades
_92765
700 1 _aOrtiz Mena, Antonio
_923795
700 1 _aYáñez, Agustín
_d1904-1980
_epról.
_923796
700 1 _aCorona Núñez, José
_923797
902 _aGRL
942 _2lcc
_cB
999 _c9214
_d9214